United States National Monuments - Statistics

General Stats
  • This quiz has been taken 99 times
  • The average score is 16 of 134
Answers on the Map
Answers color-coded by a green-red scale on the quiz's map according to % correct below.
 
Answer Stats
State/Territory Answer % Correct
New Jersey & New York Statue of Liberty
43%
Wyoming Devils Tower
40%
Virginia Booker T. Washington
38%
Colorado & Utah Dinosaur
35%
District of Columbia President Lincoln and Soldiers’ Home
35%
Idaho Craters of the Moon
34%
Arizona Grand Canyon–Parashant
28%
Colorado Colorado
25%
Washington Mount St. Helens Volcanic
25%
California Muir Woods
25%
South Dakota Jewel Cave
23%
Washington San Juan Islands
23%
California Cabrillo
22%
Iowa Effigy Mounds
22%
Colorado Florissant Fossil Beds
20%
Oregon John Day Fossil Beds
20%
Maine Katahdin Woods and Waters
20%
Utah Bears Ears
18%
Arizona Canyon de Chelly
18%
California Devils Postpile
18%
California Lava Beds
18%
Oregon Oregon Caves
18%
California Giant Sequoia
17%
Minnesota Grand Portage
17%
Utah Grand Staircase–Escalante
17%
Arizona Organ Pipe Cactus
17%
Nebraska Scotts Bluff
17%
Texas Waco Mammoth
17%
Alaska Aniakchak
15%
California Carrizo Plain
15%
California & Oregon Cascade–Siskiyou
15%
California César E. Chávez
15%
Minnesota Pipestone
15%
Utah Rainbow Bridge
15%
Arizona Wupatki
15%
Texas Alibates Flint Quarries
14%
Arizona Casa Grande Ruins
14%
Florida Castillo de San Marcos
14%
Utah Cedar Breaks
14%
Maryland Fort McHenry
14%
Montana Little Bighorn Battlefield
14%
Alabama Russell Cave
14%
New York Stonewall
14%
Nebraska Agate Fossil Beds
12%
New Mexico Bandelier
12%
Alabama Birmingham Civil Rights
12%
New Mexico El Morro
12%
Georgia Fort Pulaski
12%
Missouri George Washington Carver
12%
New mexico Gila Cliff Dwellings
12%
Idaho Hagerman Fossil Beds
12%
Colorado & Utah Hovenweep
12%
Arizona Montezuma Castle
12%
Utah Natural Bridges
12%
Arizona Navajo
12%
Arizona Sunset Crater Volcano
12%
Utah Timpanogos Cave
12%
California Tule Lake
12%
Arizona Walnut Canyon
12%
Colorado Yucca House
12%
California California Coastal
11%
Arizona Chiricahua
11%
New Mexico El Malpais
11%
Wyoming Fossil Butte
11%
New Mexico Petroglyph
11%
Louisiana Poverty Point
11%
New Mexico Rio Grande del Norte
11%
Arizona Tonto
11%
Arizona Tuzigoot
11%
Arizona Vermilion Cliffs
11%
New Mexico Aztec Ruins
9%
New Mexico Capulin Volcano
9%
California Castle Mountains
9%
Colorado Chimney Rock
9%
Florida Fort Matanzas
9%
Nevada Gold Butte
9%
Oregon Newberry Volcanic
9%
New Mexico Organ Mountains–Desert Peaks
9%
Arizona Pipe Spring
9%
Nevada Tule Springs Fossil Beds
9%
New York African Burial Ground
8%
Arizona Agua Fria
8%
Nevada Basin and Range
8%
California Berryessa Snow Mountain
8%
Colorado Browns Canyon
8%
Colorado Canyons of the Ancients
8%
Alaska Cape Krusenstern
8%
New York Fort Stanwix
8%
New Mexico Fort Union
8%
Alabama Freedom Riders
8%
New York Governors Island
8%
Washington Hanford Reach
8%
Maryland Harriet Tubman Underground Railroad
8%
New Mexico Kasha-Katuwe Tent Rocks
8%
Alaska Misty Fjords
8%
New Mexico Prehistoric Trackways
8%
California Sand to Snow
8%
California San Gabriel Mountains
8%
Alaska Aleutian Islands World War II
6%
Kentucky Camp Nelson
6%
Ohio Charles Young Buffalo Soldiers
6%
Illinois & Mississippi Emmett Till and Mamie Till-Mobley
6%
Arizona Hohokam Pima
6%
Arizona Ironwood Forest
6%
California Mojave Trails
6%
Atlantic Ocean Northeast Canyons and Seamounts Marine
6%
New Mexico Salinas Pueblo Missions
6%
California Santa Rosa and San Jacinto Mountains
6%
Arizona Sonoran Desert
6%
Illinois Springfield 1908 Race Riot
6%
Montana Upper Missouri River Breaks
6%
Alaska Admiralty Island
5%
Arizona Baaj Nwaavjo I'tah Kukveni – Ancestral Footprints of the Grand Canyon
5%
District of Columbia Belmont-Paul Women's Equality
5%
Colorado Camp Hale — Continental Divide
5%
New York Castle Clinton
5%
Georgia Fort Frederica
5%
Virginia George Washington Birthplace
5%
Utah Jurassic
5%
Mississippi Medgar and Myrlie Evers Home
5%
Montana Pompeys Pillar
5%
Nevada Avi Kwa Ame
3%
United States Virgin Islands Buck Island Reef
3%
Virginia Fort Monroe
3%
California Fort Ord
3%
Guam & Northern Mariana Islands Marianas Trench Marine
3%
Kentucky Mill Springs Battlefield
3%
United States Virgin Islands Virgin Islands Coral Reef
3%
Texas Castner Range
2%
Texas Military Working Dog Teams
2%
United States Minor Outlying Islands Pacific Remote Islands Marine
2%
American Samoa Rose Atoll Marine
2%
California Saint Francis Dam Disaster
2%
Hawaii & United States Minor Outlying Islands Papahānaumokuākea Marine
0%
No matching quizzes found
Score Distribution
Percent of People with Each Score
Percentile by Number Answered
Your Score History
You have not taken this quiz